000 01151nam a22003257a 4500
003 CHAP
005 20220329140544.0
008 971013s1982 r 00010 d
010 _a53863
011 _a54835
035 _a58987
040 _cCHAP
090 _aFolleto 9534
100 0 0 _aWiedijk, F.
_9121836
245 _aVariability in the occurrence of the sugar cane troghopper, Aeneolamia favilatera (Homoptera: Cercopidae), on sugar states in Guyana and Surinam
260 _aWageningen :
_bVeenman & Zonen,
_c1982
300 _a59 p.
_b: ilus. ; gráfs.
490 _aMededelingen Landbouwhogeschool
_v; 82-7 (1982)
590 _aBATCH-UPD
_b10
_c20130110
_lUCH01
_h0537
590 _aBATCH-UPD
_b10
_c20130110
_lUCH01
_h2316
590 _aBATCH-UPD
_b10
_c20130410
_lUCH01
_h0217
590 _aBATCH-UPD
_b10
_c20130914
_lUCH01
_h0836
590 _aCONVERSION
_b10
_c20130109
_lUCH01
_h1329
650 1 4 _aCaña de azúcar
_xPlagas.
_918636
650 1 4 _aMosca pinta.
_978992
830 0 _aMededelingen Landbouwhogeschool
_v; 82-7 (1982)
_973858
901 _aBK
942 _cFOLL
949 _aFolleto 9534
_bBC
_cFOLL
_d-127753
_eTS1
_i58987
_mD
_si
999 _c53863
_d53863